000 00323pab a2200133 454500
008 180718b1983 xxu||||| |||| 00| 0 eng d
100 _aCearbhaill, Tadhg O.
245 _aThe civil service in its place
260 _c1983
300 _a8-33
650 _aCivil Service - Ireland
773 _aAdministration
909 _a5784
999 _c5784
_d5784